| 000 | 01090nam a2200337 i 4500 | ||
|---|---|---|---|
| 999 |
_c200436392 _d54604 |
||
| 001 | 200436392 | ||
| 003 | TR-AnTOB | ||
| 005 | 20210713170659.0 | ||
| 007 | ta | ||
| 008 | 191018s2019 tu 000 0 tur d | ||
| 020 | _a9786057895509 | ||
| 040 |
_aTR-AnTOB _beng _erda _cTR-AnTOB |
||
| 041 | 0 | _atur | |
| 050 | 1 | 4 |
_aQ175 _b.S66 2019 |
| 090 |
_aQ175 _b.S66 2019 |
||
| 100 | 1 |
_aSomuncuoğlu, Seda Özsoy _eauthor _9125970 |
|
| 245 | 1 | 0 |
_aBilimsel yöntem tartışmaları bağlamında bilim felsefesi / _cSeda Özsoy Somuncuoğlu. |
| 250 | _a1. basım: Mart 2019 | ||
| 264 | 1 |
_aAnkara ; _bNobel, _c2019. |
|
| 300 |
_avii, 180 pages ; _c21 cm |
||
| 336 |
_2rdacontent _atext _btxt |
||
| 337 |
_2rdamedia _aunmediated _bn |
||
| 338 |
_2rdacarrier _avolume _bnc |
||
| 490 | 0 |
_aBeşeri bilimler/Sosyoloji No ; _v138 _aNobel Yayın No ; _v2241 |
|
| 504 | _aIncludes bibliographical references. | ||
| 650 | 7 |
_aBilim _xMetodoloji _2etuturkob _98027 |
|
| 650 | 7 |
_aBilim _xFelsefe _2etuturkob _98030 |
|
| 650 | 7 |
_aBilim _xTarih _2etuturkob _946733 |
|
| 942 |
_2lcc _cBK |
||